[Event "SG Bochum 4 - SV Unser Fritz 1"]
[Site "Verbandsklasse - Gruppe 2 201"]
[Date "2019.03.24"]
[Round "8.2"]
[White "Jung, Benn"]
[Black "Rutz, Dirk"]
[Result "0-1"]
[WhiteElo "1699"]
[BlackElo "1973"]
[PlyCount "56"]
[EventDate "2019.??.??"]

1. e4 c5 2. Nf3 d6 3. d4 cxd4 4. Nxd4 Nf6 5. f3 g6 6. Bb5+ Bd7 7. Bxd7+ Qxd7 8.
Nc3 Bg7 9. Be3 O-O 10. Qd2 Rc8 11. Bh6 Bh8 12. h4 Nc6 13. Nde2 b5 14. h5 b4 15.
Nd1 Ne5 16. hxg6 fxg6 17. b3 Nf7 18. Rc1 Nxh6 19. Qxh6 Bg7 20. Qg5 Rc5 21. Qd2
Rac8 22. c4 bxc3 23. Ndxc3 Qc7 24. Kf2 Qa5 25. Nb1 Qb6 26. Rxc5 Qxc5+ 27. Qe3
Ng4+ 28. fxg4 Rf8+ 0-1

[Event "SG Bochum 4 - SV Unser Fritz 1"]
[Site "Verbandsklasse - Gruppe 2 201"]
[Date "2019.03.24"]
[Round "8.3"]
[White "Jungbluth, Michael"]
[Black "Stachnik, Adam"]
[Result "1-0"]
[WhiteElo "1947"]
[BlackElo "1785"]
[Annotator "Daniel"]
[PlyCount "117"]
[EventDate "2019.??.??"]

1. d4 Nf6 2. c4 c5 3. d5 b5 4. cxb5 a6 5. bxa6 g6 6. g3 Bg7 7. Bg2 d6 8. Nc3
Qa5 9. Bd2 O-O 10. Nf3 Nxa6 11. O-O Qb6 12. Na4 Qb7 13. Bc3 Nxd5 14. Bxg7 Kxg7
15. Ng5 Nac7 16. Nc3 e6 17. Qd2 Qc6 18. Rfd1 Bb7 19. Nxd5 exd5 20. Nh3 Rfe8 21.
Nf4 Re5 22. Nd3 Re7 23. Nf4 Re5 24. b4 f6 $11 25. Rac1 c4 26. e4 dxe4 27. Qxd6
Ra6 28. Qxc6 Rxc6 29. Rd7+ Kh6 30. a4 Bc8 31. Rd4 f5 32. b5 Nxb5 33. axb5 Rxb5
34. Bf1 Rbc5 35. Rdxc4 Rxc4 36. Rxc4 Rxc4 37. Bxc4 Bd7 38. h4 Ba4 39. Ne6 Bd1
40. Kf1 Ba4 41. Ke2 Kh5 42. Ke3 Kh6 43. Kf4 Bd1 44. Ke5 Ba4 45. Kf6 Bd1 46. Ng5
Kh5 47. Nxh7 f4 48. gxf4 Kg4 49. Ke5 Kxh4 50. Ng5 Kg4 51. Be6+ Kh5 52. Kxe4 Kh6
53. Ke5 Kg7 54. Bd5 Ba4 55. Ne6+ Kh6 56. Kf6 Bc2 57. f3 Ba4 58. Be4 Be8 59. Nf8
1-0

[Event "SG Bochum 4 - SV Unser Fritz 1"]
[Site "Verbandsklasse - Gruppe 2 201"]
[Date "2019.03.24"]
[Round "8.4"]
[White "Ziemann, David"]
[Black "Distelrath, Oliver"]
[Result "1/2-1/2"]
[WhiteElo "1625"]
[BlackElo "1875"]
[PlyCount "40"]
[EventDate "2019.??.??"]

1. e4 Nf6 2. e5 Nd5 3. d4 d6 4. Nf3 Bg4 5. Be2 c6 6. exd6 exd6 7. O-O Be7 8. c4
Nf6 9. d5 c5 10. Nc3 O-O 11. b3 Nbd7 12. Bb2 Re8 13. Qc2 Nf8 14. Rae1 Qd7 15.
Nd2 Ng6 16. Bxg4 Qxg4 17. Ne2 Nf4 18. Nxf4 Qxf4 19. Nf3 Bf8 20. Bxf6 Qxf6
1/2-1/2

[Event "SG Bochum 4 - SV Unser Fritz 1"]
[Site "Verbandsklasse - Gruppe 2 201"]
[Date "2019.03.24"]
[Round "8.5"]
[White "Mikulski, Georg"]
[Black "Mazarov, Paul"]
[Result "1/2-1/2"]
[WhiteElo "1903"]
[BlackElo "1648"]
[PlyCount "57"]
[EventDate "2019.??.??"]

1. e4 e5 2. Nf3 Nf6 3. Nxe5 d6 4. Nf3 Nxe4 5. d4 d5 6. Bd3 Bg4 7. O-O Be7 8. c4
c6 9. Nc3 f5 10. cxd5 cxd5 11. Qa4+ Nc6 12. Ne5 O-O 13. Nxc6 bxc6 14. Qxc6 Nxc3
15. bxc3 Rc8 16. Qe6+ Kh8 17. Bd2 Rf6 18. Qe1 Rg6 19. Kh1 Qd7 20. f3 Bh5 21.
Qe5 Rf8 22. g4 Re6 23. Bxf5 Rxe5 24. Bxd7 Re2 25. Rad1 Bg6 26. Bb5 Re6 27. Rfe1
Rxe1+ 28. Rxe1 Bh4 29. Rf1 1/2-1/2

[Event "SG Bochum 4 - SV Unser Fritz 1"]
[Site "Verbandsklasse - Gruppe 2 201"]
[Date "2019.03.24"]
[Round "8.6"]
[White "Preis, Paul"]
[Black "Goessling, Juergen"]
[Result "0-1"]
[WhiteElo "1299"]
[BlackElo "1723"]
[PlyCount "46"]
[EventDate "2019.??.??"]

1. c4 e5 2. Nc3 f5 3. e4 Nf6 4. exf5 Bc5 5. Nf3 O-O 6. Qc2 Nc6 7. b3 Ng4 8. Ne4
d6 9. Nxc5 dxc5 10. a3 Bxf5 11. d3 Qe8 12. Ng5 Nd4 13. Qb1 Nxf2 14. Rg1 Qg6 15.
Ne4 Nxe4 16. dxe4 Bxe4 17. Qb2 Nc2+ 18. Kd1 Rad8+ 19. Bd2 Qg5 20. Qc3 Rf2 21.
Be2 Rxe2 22. Kxe2 Qg4+ 23. Kf2 Rf8+ 0-1

[Event "SG Bochum 4 - SV Unser Fritz 1"]
[Site "Verbandsklasse - Gruppe 2 201"]
[Date "2019.03.24"]
[Round "8.7"]
[White "Tober, Julian"]
[Black "Benning, Robert"]
[Result "1-0"]
[WhiteElo "1732"]
[BlackElo "1379"]
[PlyCount "39"]
[EventDate "2019.??.??"]

1. e4 d5 2. exd5 Nf6 3. d4 Nxd5 4. c4 Nf6 5. Nc3 Bg4 6. Be2 Bxe2 7. Ngxe2 e6 8.
O-O Bd6 9. Qb3 b6 10. Bg5 Bxh2+ 11. Kxh2 Ng4+ 12. Kg3 Qxg5 13. Qb5+ Qxb5 14.
Nxb5 Nxf2 15. Nxc7+ Kd8 16. Nxa8 Ne4+ 17. Kh2 Rf8 18. d5 exd5 19. Nf4 dxc4 20.
Ne6+ 1-0

[Event "SG Bochum 4 - SV Unser Fritz 1"]
[Site "Verbandsklasse - Gruppe 2 201"]
[Date "2019.03.24"]
[Round "8.8"]
[White "Vogt, Niels"]
[Black "Dlouhy, Peter"]
[Result "1/2-1/2"]
[WhiteElo "1148"]
[BlackElo "1851"]
[PlyCount "44"]
[EventDate "2019.??.??"]

1. e4 d6 2. d4 Nf6 3. Nc3 g6 4. Bg5 c6 5. Bc4 b5 6. Bb3 b4 7. Bxf6 exf6 8. Nce2
a5 9. a4 Bg7 10. Nf3 O-O 11. O-O Re8 12. Ng3 d5 13. Re1 Bg4 14. h3 Be6 15. Qd2
dxe4 16. Nxe4 Bxb3 17. cxb3 Nd7 18. Nd6 Rxe1+ 19. Rxe1 Qc7 20. Ne8 Qb8 21. Nxg7
Kxg7 22. Re7 Qd6 1/2-1/2

[Event "SG Witten 1 - SV Waltrop 1"]
[Site "Verbandsklasse - Gruppe 3 201"]
[Date "2019.03.24"]
[Round "8.1"]
[White "Gasper, Joern"]
[Black "Baldszun, Martin-Andreas"]
[Result "1/2-1/2"]
[WhiteElo "2029"]
[BlackElo "1847"]
[Annotator "Daniel"]
[PlyCount "55"]
[EventDate "2019.??.??"]

1. e4 e5 2. Bc4 Bc5 3. Nf3 d6 4. c3 Nf6 5. d3 c6 6. O-O Bg4 7. Re1 O-O 8. h3
Bh5 9. Bb3 Bb6 10. Bg5 h6 11. Bh4 Re8 $11 12. Nbd2 Nbd7 13. Nc4 Bc7 14. Ne3 Nc5
15. Bc2 Ne6 16. a4 a5 17. Rc1 Rc8 18. Bb1 Bb8 19. Nc4 Bc7 20. Ncd2 g5 21. Bg3
Bg6 22. d4 Nh5 23. dxe5 Nxg3 24. fxg3 dxe5 25. Nc4 Nc5 26. Bc2 Qe7 27. Qe2 h5
28. Kh2 1/2-1/2

[Event "SG Witten 1 - SV Waltrop 1"]
[Site "Verbandsklasse - Gruppe 3 201"]
[Date "2019.03.24"]
[Round "8.2"]
[White "Werschmoeller, Thomas"]
[Black "Eckert, Marius"]
[Result "1/2-1/2"]
[WhiteElo "1847"]
[BlackElo "2095"]
[PlyCount "31"]
[EventDate "2019.??.??"]

1. e4 e5 2. Nf3 Nc6 3. Bc4 Nf6 4. Ng5 d5 5. exd5 b5 6. Bb3 Nd4 7. O-O Nxb3 8.
axb3 Nxd5 9. Qe2 Be7 10. Qxb5+ Kf8 11. Ne4 a6 12. Qc4 Rb8 13. Nbc3 Nf4 14. Nc5
Qd6 15. N3e4 Qb6 16. g3 1/2-1/2

[Event "SG Witten 1 - SV Waltrop 1"]
[Site "Verbandsklasse - Gruppe 3 201"]
[Date "2019.03.24"]
[Round "8.3"]
[White "Winterberg, Andreas"]
[Black "Hustert, Volker"]
[Result "1/2-1/2"]
[WhiteElo "1981"]
[BlackElo "1911"]
[PlyCount "40"]
[EventDate "2019.??.??"]

1. e4 c5 2. c3 Nf6 3. e5 Nd5 4. d4 cxd4 5. cxd4 d6 6. Nf3 Nc6 7. Bc4 Nb6 8. Bb5
a6 9. Bxc6+ bxc6 10. exd6 exd6 11. O-O Be7 12. Qc2 Bd7 13. Nc3 O-O 14. Bf4 Bg4
15. Nd2 Bf6 16. Qd3 Bg5 17. Bxg5 Qxg5 18. Nde4 Qg6 19. h3 Bf5 20. Qf3 Bxe4
1/2-1/2

[Event "SG Witten 1 - SV Waltrop 1"]
[Site "Verbandsklasse - Gruppe 3 201"]
[Date "2019.03.24"]
[Round "8.4"]
[White "Wendehals, Thomas"]
[Black "Drewes, Martin"]
[Result "1/2-1/2"]
[WhiteElo "1748"]
[BlackElo "1934"]
[PlyCount "39"]
[EventDate "2019.??.??"]

1. e4 e5 2. Nf3 Nc6 3. Bb5 a6 4. Ba4 Nf6 5. d3 d6 6. c3 Be7 7. Nbd2 b5 8. Bb3
Na5 9. Bc2 c5 10. Nf1 O-O 11. Ng3 Be6 12. O-O Nc6 13. h3 Rc8 14. Qe2 Qc7 15.
Re1 Rfe8 16. Bd2 h6 17. Nh2 d5 18. Ng4 Nxg4 19. hxg4 d4 20. Nf5 1/2-1/2

[Event "SG Witten 1 - SV Waltrop 1"]
[Site "Verbandsklasse - Gruppe 3 201"]
[Date "2019.03.24"]
[Round "8.5"]
[White "Breidenbach, Rolf"]
[Black "Carls, Christoph"]
[Result "1-0"]
[WhiteElo "1895"]
[BlackElo "1718"]
[PlyCount "23"]
[EventDate "2019.??.??"]

1. d4 Nf6 2. Bf4 d6 3. Nc3 g6 4. e4 Bg7 5. f3 Nbd7 6. Qd2 O-O 7. O-O-O a6 8.
Bh6 b5 9. h4 Nb6 10. h5 Nxh5 11. Rxh5 Bxh6 12. Rxh6 1-0

[Event "SG Witten 1 - SV Waltrop 1"]
[Site "Verbandsklasse - Gruppe 3 201"]
[Date "2019.03.24"]
[Round "8.6"]
[White "Aufermann, Dirk"]
[Black "Sehrbrock, Christoph"]
[Result "1-0"]
[WhiteElo "1753"]
[BlackElo "1767"]
[PlyCount "129"]
[EventDate "2019.??.??"]

1. d4 Nf6 2. Bg5 c6 3. Bxf6 gxf6 4. c3 d5 5. Qc2 Bg4 6. Nd2 e6 7. Ngf3 Nd7 8.
e3 Bf5 9. Bd3 Bg6 10. h3 c5 11. Bxg6 hxg6 12. dxc5 Nxc5 13. e4 dxe4 14. Nxe4
Qd3 15. Qxd3 Nxd3+ 16. Ke2 Nf4+ 17. Kf1 Be7 18. h4 O-O-O 19. b4 Rd7 20. g3 Nd5
21. Rc1 f5 22. Neg5 Bf6 23. Kg2 Kb8 24. Rc2 Bxc3 25. a3 Bf6 26. Rhc1 Nb6 27.
Kf1 Rc8 28. Ke2 Rxc2+ 29. Rxc2 Nd5 30. Nd2 Nc3+ 31. Ke1 Nb5 32. a4 Nc3 33. a5
Nd5 34. b5 Bc3 35. a6 b6 36. Ke2 Bf6 37. Nb1 Nc7 38. Na3 Bxg5 39. hxg5 Rd4 40.
f4 Rb4 41. Nc4 Nxb5 42. Kf2 Ra4 43. Ne5 Rxa6 44. Nxf7 Ra4 45. Ne5 Nd6 46. Nxg6
Ne4+ 47. Kg2 Ra3 48. Nf8 Rxg3+ 49. Kh2 Rc3 50. Rxc3 Nxc3 51. Nd7+ Kc7 52. Nf6
Ne4 53. Nxe4 Kd7 54. Nc3 Ke7 55. Kg3 Kf7 56. Kf3 Kg6 57. Ke3 e5 58. fxe5 Kxg5
59. Nd5 b5 60. e6 Kg6 61. Kd4 a5 62. Ke5 a4 63. e7 Kf7 64. Kd6 a3 65. Kd7 1-0

[Event "SG Witten 1 - SV Waltrop 1"]
[Site "Verbandsklasse - Gruppe 3 201"]
[Date "2019.03.24"]
[Round "8.7"]
[White "Krause, Dieter"]
[Black "Teich, Willi"]
[Result "1-0"]
[WhiteElo "1846"]
[BlackElo "1595"]
[PlyCount "161"]
[EventDate "2019.??.??"]

1. c4 Nf6 2. g3 g6 3. Bg2 Bg7 4. Nc3 O-O 5. e4 d6 6. Nge2 e5 7. O-O Nc6 8. d3
Bd7 9. h3 Qc8 10. Kh2 h5 11. f4 Nh7 12. Be3 Nd4 13. Nd5 Qd8 14. Qd2 Nxe2 15.
Qxe2 c6 16. Nc3 h4 17. g4 Qe7 18. f5 g5 19. Qf2 b6 20. a4 Rab8 21. a5 Qd8 22.
axb6 axb6 23. Ra6 f6 24. Bxb6 Qc8 25. Ra7 Rf7 26. Rfa1 Be8 27. b4 Bf8 28. c5
Rfb7 29. Rxb7 Rxb7 30. Qa2+ Bf7 31. Qa8 Rb8 32. Qa6 Rb7 33. Qa4 Be8 34. Qb3+
Bf7 35. Qc2 Be7 36. Ra5 Nf8 37. Qa4 Be8 38. Ra8 Rb8 39. Rxb8 Qxb8 40. Qa5 dxc5
41. Bxc5 Bxc5 42. Qxc5 Qd8 43. Bf1 Qd7 44. Na4 Qb7 45. Be2 Kg7 46. Kg2 Bf7 47.
Nc3 Nd7 48. Qa5 Qb6 49. Qxb6 Nxb6 50. Bd1 Be8 51. Kf2 Kf7 52. Ke3 Ke7 53. Bb3
Kd6 54. d4 exd4+ 55. Kxd4 Nd7 56. Na4 Ne5 57. Ke3 Nd7 58. Nb2 Ne5 59. Be6 c5
60. bxc5+ Kxc5 61. Nd1 Bc6 62. Nc3 Nc4+ 63. Bxc4 Kxc4 64. Ne2 Kc5 65. Nd4 Bd7
66. Nf3 Kd6 67. Kd4 Bc6 68. e5+ Ke7 69. Ng1 Bg2 70. exf6+ Kxf6 71. Ke3 Bf1 72.
Kf2 Bd3 73. Ke3 Bf1 74. Kf2 Bd3 75. Nf3 Bc4 76. Nd2 Bd5 77. Ke3 Bg2 78. Ne4+
Ke5 79. Nxg5 Bf1 80. Kf2 Bc4 81. Nf3+ 1-0

[Event "SG Witten 1 - SV Waltrop 1"]
[Site "Verbandsklasse - Gruppe 3 201"]
[Date "2019.03.24"]
[Round "8.8"]
[White "Vonrueden, Regina"]
[Black "Schmidt, Sebastian"]
[Result "0-1"]
[WhiteElo "1464"]
[BlackElo "1798"]
[PlyCount "66"]
[EventDate "2019.??.??"]

1. e4 c5 2. Nf3 a6 3. d3 Nc6 4. Be2 g6 5. O-O Bg7 6. c3 d5 7. exd5 Qxd5 8. Nbd2
Nf6 9. a4 b6 10. Qb3 Qd8 11. Nc4 Nd5 12. Rd1 e5 13. Ne3 Nf4 14. Bf1 Be6 15. Qc2
Qe7 16. g3 Nd5 17. Bg2 Rd8 18. Nxd5 Bxd5 19. Bg5 f6 20. Be3 Na5 21. c4 Bb7 22.
Rab1 Nc6 23. Qb3 Nb4 24. d4 Be4 25. Rbc1 exd4 26. Bxd4 Qb7 27. Re1 O-O 28. Rxe4
Qxe4 29. Re1 Qc2 30. Qc3 cxd4 31. Qxb4 d3 32. Nd2 a5 33. Bd5+ Rxd5 0-1

[Event "SF Brackel 4 - SV Mülheim-Nord 4"]
[Site "Verbandsklasse - Gruppe 3 201"]
[Date "2019.03.24"]
[Round "8.1"]
[White "Oltmanns, Jan"]
[Black "Friedrichs, Klaus"]
[Result "1/2-1/2"]
[WhiteElo "1988"]
[BlackElo "2243"]
[PlyCount "100"]
[EventDate "2019.??.??"]

1. e4 d5 2. exd5 Qxd5 3. Nc3 Qa5 4. d4 Nf6 5. Bc4 Bg4 6. Nge2 e6 7. Bd2 Bb4 8.
O-O O-O 9. a3 Bxc3 10. Bxc3 Qb6 11. f3 Bf5 12. Be1 Nc6 13. b4 Ne7 14. Bf2 Qc6
15. Bb3 b5 16. Qd2 Ned5 17. Rfc1 Nb6 18. Qc3 Qd7 19. Ng3 Bg6 20. Re1 Nfd5 21.
Qd2 Qc6 22. Ne4 Nc4 23. Qd3 a5 24. a4 Nxb4 25. Qe2 Nd6 26. Nxd6 bxa4 27. Bxa4
Qxd6 28. Qc4 Qd5 29. Qxc7 Rfc8 30. Qe5 Bxc2 31. Qxd5 exd5 32. Bb5 Bd3 33. Bxd3
Nxd3 34. Re3 Nxf2 35. Kxf2 Ra6 36. Rea3 Rca8 37. Ra4 f6 38. Rb1 Rc8 39. Rb5 Rc4
40. Raxa5 Rxa5 41. Rxa5 Rxd4 42. Ke3 Rd1 43. Ke2 Rd4 44. Ke3 Rd1 45. Ke2 Rg1
46. Kf2 Rh1 47. h3 d4 48. Rd5 Rd1 49. Ke2 Rg1 50. Kf2 Rd1 1/2-1/2

[Event "SF Brackel 4 - SV Mülheim-Nord 4"]
[Site "Verbandsklasse - Gruppe 3 201"]
[Date "2019.03.24"]
[Round "8.2"]
[White "Reisberg, Andre"]
[Black "Kremer, Moritz"]
[Result "1/2-1/2"]
[WhiteElo "1994"]
[BlackElo "1898"]
[PlyCount "108"]
[EventDate "2019.??.??"]

1. d4 d5 2. c4 c6 3. Nf3 Nf6 4. Nc3 e6 5. Bg5 Nbd7 6. e3 Bb4 7. Qc2 Qa5 8. Nd2
dxc4 9. Bxf6 Nxf6 10. Nxc4 Qd8 11. a3 Be7 12. Rd1 O-O 13. e4 b5 14. Ne3 Bb7 15.
Be2 a6 16. O-O Qb6 17. e5 Nd7 18. b4 a5 19. Qb3 Qc7 20. Rc1 axb4 21. axb4 Nb6
22. Rfd1 Qd7 23. Ne4 Nd5 24. Nxd5 exd5 25. Nc3 Ra6 26. Ra1 Rfa8 27. Rxa6 Rxa6
28. h3 Bc8 29. Rc1 Qb7 30. g4 Bd7 31. f4 Qa7 32. Rd1 Ra1 33. Kg2 Rxd1 34. Qxd1
Bxb4 35. Qd3 Qa3 36. Nd1 g6 37. Qxa3 Bxa3 38. Bd3 Kg7 39. Kf3 h5 40. f5 hxg4+
41. hxg4 gxf5 42. gxf5 c5 43. dxc5 Bxc5 44. Nc3 Bd4 45. e6 fxe6 46. fxe6 Bxe6
47. Nxb5 Be5 48. Ke3 Bh2 49. Nc3 Kf6 50. Ne2 Bc7 51. Bh7 Ke5 52. Kd3 Bc8 53.
Kc2 Ba6 54. Bd3 Bc8 1/2-1/2

[Event "SF Brackel 4 - SV Mülheim-Nord 4"]
[Site "Verbandsklasse - Gruppe 3 201"]
[Date "2019.03.24"]
[Round "8.3"]
[White "Schmidt, Kevin"]
[Black "Krueger, Sven"]
[Result "1/2-1/2"]
[WhiteElo "1910"]
[BlackElo "1952"]
[PlyCount "51"]
[EventDate "2019.??.??"]

1. e4 e5 2. Nf3 Nc6 3. Bc4 Bc5 4. c3 Nf6 5. d4 exd4 6. cxd4 Bb4+ 7. Bd2 Bxd2+
8. Nbxd2 d5 9. exd5 Nxd5 10. Qb3 Na5 11. Qa4+ c6 12. Be2 b5 13. Qa3 Nb7 14. O-O
Qd6 15. Qxd6 Nxd6 16. Ne5 Bb7 17. Bf3 f6 18. Nd3 O-O 19. Nc5 Bc8 20. a4 Bf5 21.
axb5 Nxb5 22. Ndb3 Rad8 23. Ra6 Nb4 24. Ra4 Nd5 25. Ra6 Nb4 26. Ra4 1/2-1/2

[Event "SF Brackel 4 - SV Mülheim-Nord 4"]
[Site "Verbandsklasse - Gruppe 3 201"]
[Date "2019.03.24"]
[Round "8.4"]
[White "Siebert, Martin"]
[Black "Kelm, Marcel"]
[Result "1-0"]
[WhiteElo "1945"]
[BlackElo "1836"]
[PlyCount "71"]
[EventDate "2019.??.??"]

1. e4 e6 2. d4 d5 3. exd5 exd5 4. Nf3 Bd6 5. Bd3 Bg4 6. O-O Ne7 7. h3 Bh5 8. c4
c6 9. Re1 Nd7 10. c5 Bb8 11. Bg5 f6 12. Bh4 O-O 13. Nbd2 Ng6 14. Qc2 Nxh4 15.
Nxh4 h6 16. g4 Bf7 17. Bh7+ Kh8 18. Bg6 f5 19. Ndf3 fxg4 20. hxg4 Qf6 21. Bxf7
Rxf7 22. Ng6+ Kg8 23. Re8+ Nf8 24. Nfe5 Bxe5 25. Rxa8 Bxd4 26. Rxf8+ Rxf8 27.
Nxf8 Qxf8 28. Re1 Qf3 29. Qe2 Qxe2 30. Rxe2 Bxc5 31. Re8+ Kf7 32. Rb8 Ke6 33.
Rxb7 Bd4 34. Kf1 g6 35. b3 Bb6 36. Rh7 1-0

[Event "SF Brackel 4 - SV Mülheim-Nord 4"]
[Site "Verbandsklasse - Gruppe 3 201"]
[Date "2019.03.24"]
[Round "8.5"]
[White "Schuermann, Jan"]
[Black "Diebig, Maja"]
[Result "1-0"]
[WhiteElo "1800"]
[BlackElo "1823"]
[PlyCount "57"]
[EventDate "2019.??.??"]

1. e4 e6 2. d4 d5 3. Nd2 Nf6 4. e5 Nfd7 5. Bd3 c5 6. c3 Nc6 7. Ngf3 Qb6 8. O-O
Be7 9. a3 cxd4 10. cxd4 O-O 11. Re1 f6 12. exf6 Nxf6 13. Nf1 Bd6 14. b4 a6 15.
Rb1 Qc7 16. Bb2 Bd7 17. Rc1 Rae8 18. Ne5 Qd8 19. Ng3 Na7 20. Nh5 Bb5 21. Bb1
Qe7 22. Qc2 Ne4 23. Rxe4 dxe4 24. Qxe4 g6 25. Nxg6 hxg6 26. Qxg6+ Kh8 27. Re1
Rf7 28. Rxe6 Qxe6 29. d5+ 1-0

[Event "SF Brackel 4 - SV Mülheim-Nord 4"]
[Site "Verbandsklasse - Gruppe 3 201"]
[Date "2019.03.24"]
[Round "8.6"]
[White "Mathe, Christian"]
[Black "Bartelt, Max Peter"]
[Result "1/2-1/2"]
[WhiteElo "1652"]
[BlackElo "1711"]
[PlyCount "134"]
[EventDate "2019.??.??"]

1. d4 d5 2. Bf4 Nf6 3. e3 e6 4. Nf3 Bd6 5. Bxd6 Qxd6 6. Nbd2 c5 7. c3 O-O 8.
Bd3 Nc6 9. O-O b6 10. e4 cxd4 11. cxd4 e5 12. dxe5 Nxe5 13. Nxe5 Qxe5 14. Qc2
Bb7 15. Nf3 Qf4 16. e5 Rac8 17. Qd2 Qxd2 18. Nxd2 Ne4 19. Rfd1 Rc7 20. f3 Nc5
21. Rac1 Re7 22. Nb3 Nxd3 23. Rxd3 Rxe5 24. Rc7 Ba6 25. Rd2 Rfe8 26. Rxa7 Bc4
27. Nd4 R5e7 28. Rxe7 Rxe7 29. b3 Re1+ 30. Kf2 Rf1+ 31. Kg3 Ba6 32. Nc2 Bb7 33.
Ne3 Rc1 34. Nxd5 Bxd5 35. Rxd5 f6 36. Rd8+ Kf7 37. Rd7+ Kg6 38. Rd6 b5 39. Rd5
b4 40. Rb5 Rc2 41. Rxb4 Rxa2 42. h4 Rb2 43. Kh3 Kf5 44. g4+ Ke5 45. Kg3 g5 46.
Rb5+ Ke6 47. hxg5 fxg5 48. Rxg5 Rxb3 49. Rg7 h5 50. Rg6+ Kf7 51. gxh5 Rb1 52.
Ra6 Kg7 53. f4 Rg1+ 54. Kh4 Rg2 55. f5 Rh2+ 56. Kg4 Rg2+ 57. Kf3 Rh2 58. Rg6+
Kh7 59. Kg4 Rg2+ 60. Kf4 Rf2+ 61. Kg5 Rg2+ 62. Kf6 Ra2 63. h6 Ra6+ 64. Kg5 Ra1
65. Rg7+ Kh8 66. f6 Rh1 67. Kg6 Rxh6+ 1/2-1/2

[Event "SF Brackel 4 - SV Mülheim-Nord 4"]
[Site "Verbandsklasse - Gruppe 3 201"]
[Date "2019.03.24"]
[Round "8.7"]
[White "Dezent, Ilia"]
[Black "Grote, Christina"]
[Result "1-0"]
[WhiteElo "1831"]
[BlackElo "1637"]
[PlyCount "61"]
[EventDate "2019.??.??"]

1. d4 d5 2. c4 c6 3. Nf3 g6 4. Bg5 Bg7 5. e3 Nf6 6. h3 Ne4 7. Bh4 h6 8. Qb3 g5
9. Bg3 Nxg3 10. fxg3 Qc7 11. Kf2 Nd7 12. Nc3 Nf6 13. cxd5 cxd5 14. Bb5+ Kf8 15.
Ne5 e6 16. Qb4+ Kg8 17. Rac1 Qd8 18. Rhf1 Bf8 19. Qa4 Bd6 20. Kg1 a6 21. e4
Bxe5 22. dxe5 Nxe4 23. Nxe4 Qb6+ 24. Kh2 Qxb5 25. Qxb5 axb5 26. Nd6 Kg7 27.
Rxf7+ Kg6 28. Rf6+ Kg7 29. Rc7+ Kg8 30. Rg6+ Kf8 31. Rf7# 1-0

[Event "SF Brackel 4 - SV Mülheim-Nord 4"]
[Site "Verbandsklasse - Gruppe 3 201"]
[Date "2019.03.24"]
[Round "8.8"]
[White "Schroelkamp, Carsten"]
[Black "Kraska, Erwin"]
[Result "1-0"]
[WhiteElo "1622"]
[BlackElo "1535"]
[PlyCount "63"]
[EventDate "2019.??.??"]

1. Nf3 g6 2. g3 Bg7 3. Bg2 Nf6 4. O-O O-O 5. d4 d6 6. c4 Nbd7 7. Nc3 c6 8. b4
a5 9. b5 Nb6 10. bxc6 bxc6 11. Nd2 d5 12. c5 Nbd7 13. f4 Ng4 14. Nf3 Nxc5 15.
h3 Nh6 16. Ne5 Ne6 17. Nxc6 Qd6 18. Ne5 Nc7 19. e4 Ba6 20. Re1 f6 21. Nf3 Rab8
22. exd5 f5 23. Qa4 Nxd5 24. Nxd5 Qxd5 25. Rxe7 Bb5 26. Qd1 Rfe8 27. Rxe8+ Rxe8
28. Ne5 Qd6 29. Qb3+ Kh8 30. Qxb5 Qxd4+ 31. Kh2 Rc8 32. Bb2 1-0

[Event "SC Rochade Rüttenscheid 1 - SV Welper 2"]
[Site "Verbandsklasse - Gruppe 3 201"]
[Date "2019.03.24"]
[Round "8.1"]
[White "Sharma, Danesh"]
[Black "Lindenmaier, Reinhard"]
[Result "1/2-1/2"]
[WhiteElo "1885"]
[BlackElo "2017"]
[PlyCount "148"]
[EventDate "2019.??.??"]

1. e4 Nf6 2. e5 Nd5 3. d4 d6 4. Nf3 dxe5 5. Nxe5 c6 6. Bc4 Nd7 7. Nf3 N7b6 8.
Bb3 Bg4 9. O-O e6 10. h3 Bh5 11. Re1 Be7 12. c3 O-O 13. Nbd2 c5 14. dxc5 Bxc5
15. Ne4 Be7 16. Ng3 Bg6 17. Ne5 Rc8 18. Nxg6 hxg6 19. Ne4 Qc7 20. Qf3 Nc4 21.
Bxc4 Qxc4 22. b3 Qa6 23. c4 Nb4 24. Bb2 f6 25. Qc3 b5 26. c5 Nd5 27. Qg3 g5 28.
h4 gxh4 29. Qxh4 Bxc5 30. Nxc5 Rxc5 31. a4 b4 32. Qg4 e5 33. Rad1 Qc8 34. Qg6
Nf4 35. Qe4 a5 36. Bd4 Rc6 37. Be3 Ne6 38. Rc1 Rxc1 39. Rxc1 Qd7 40. Qc6 Rd8
41. Bb6 Qxc6 42. Rxc6 Rd1+ 43. Kh2 Nd4 44. Rc8+ Kf7 45. Bxa5 Nxb3 46. Bxb4 Rd4
47. Rb8 Rd5 48. Rb7+ Ke6 49. Rxg7 Nc5 50. Bxc5 Rxc5 51. Ra7 Rc2 52. f3 Kf5 53.
Ra8 e4 54. fxe4+ Kxe4 55. a5 Kf4 56. a6 Rb2 57. Rf8 Ra2 58. Rxf6+ Kg5 59. Rb6
Kg4 60. Kg1 Kg3 61. Rg6+ Kf4 62. Kf1 Ke3 63. Re6+ Kf4 64. Rg6 Ke3 65. Re6+ Kf4
66. Ke1 Kf5 67. Rb6 Ke4 68. Kd1 Rxg2 69. Rb8 Ra2 70. Ra8 Kd5 71. a7 Kc6 72.
Rc8+ Kb7 73. a8=Q+ Rxa8 74. Rxa8 Kxa8 1/2-1/2

[Event "SC Rochade Rüttenscheid 1 - SV Welper 2"]
[Site "Verbandsklasse - Gruppe 3 201"]
[Date "2019.03.24"]
[Round "8.2"]
[White "Dorgarten, Armin"]
[Black "Teich, Udo"]
[Result "1-0"]
[WhiteElo "1901"]
[BlackElo "1893"]
[PlyCount "115"]
[EventDate "2019.??.??"]

1. d4 d5 2. Bf4 Bf5 3. e3 e6 4. c4 Nf6 5. Nc3 c6 6. Qb3 b6 7. Nf3 Be7 8. Be2
O-O 9. O-O Bd6 10. Ne5 Qe7 11. a4 dxc4 12. Qxc4 Nd5 13. Bg3 Nxc3 14. bxc3 Bxe5
15. Bxe5 Nd7 16. Bg3 Be4 17. f3 Bd5 18. Qd3 c5 19. e4 Bb7 20. Qd2 cxd4 21. cxd4
Nf6 22. Rfd1 Qd7 23. Qb4 Rfc8 24. a5 bxa5 25. Rxa5 a6 26. Rb1 Qd8 27. Raa1 Ra7
28. Bf2 a5 29. Qd2 Ba8 30. Rb5 a4 31. Rb4 Rac7 32. Rbxa4 Bc6 33. Rc4 Bd7 34.
Rac1 Rxc4 35. Rxc4 Rxc4 36. Bxc4 Ne8 37. Be3 Qb8 38. h3 h6 39. Bf4 Qb1+ 40. Kh2
Nf6 41. Be5 Ne8 42. Qa5 Qb7 43. d5 Qc8 44. Qa7 f6 45. Bg3 e5 46. Ba6 Qc7 47.
Bf2 Kf7 48. Qxc7 Nxc7 49. Bc4 Ke8 50. Bc5 Kf7 51. h4 g6 52. g3 h5 53. f4 Ne8
54. Kg2 Bg4 55. Kf2 Ng7 56. Ke3 Ke8 57. fxe5 fxe5 58. Bd6 1-0

[Event "SC Rochade Rüttenscheid 1 - SV Welper 2"]
[Site "Verbandsklasse - Gruppe 3 201"]
[Date "2019.03.24"]
[Round "8.3"]
[White "Leimkuehler, Dirk"]
[Black "Pennekamp, Manfred"]
[Result "1-0"]
[WhiteElo "1822"]
[BlackElo "1815"]
[PlyCount "55"]
[EventDate "2019.??.??"]

1. f4 d5 2. Nf3 Nf6 3. g3 c6 4. Bg2 Qc7 5. d3 h6 6. Nc3 Bg4 7. e4 dxe4 8. dxe4
e6 9. h3 Bxf3 10. Qxf3 Nbd7 11. Be3 Bc5 12. O-O O-O-O 13. Kh1 Bxe3 14. Qxe3 Qb6
15. Qxb6 Nxb6 16. Rf2 Rd4 17. e5 Nh5 18. Kh2 Kc7 19. Ne4 Nc8 20. g4 f5 21. Nc5
fxg4 22. hxg4 Re8 23. gxh5 b6 24. c3 bxc5 25. cxd4 cxd4 26. Rc1 Ne7 27. Bxc6
Nxc6 28. Rfc2 1-0

[Event "SC Rochade Rüttenscheid 1 - SV Welper 2"]
[Site "Verbandsklasse - Gruppe 3 201"]
[Date "2019.03.24"]
[Round "8.4"]
[White "Koprek, Juergen"]
[Black "Wallhof, Dieter"]
[Result "1/2-1/2"]
[WhiteElo "1827"]
[BlackElo "1866"]
[PlyCount "75"]
[EventDate "2019.??.??"]

1. d4 d5 2. c4 dxc4 3. Nf3 Nf6 4. e3 e6 5. Bxc4 Be7 6. O-O O-O 7. Nc3 b6 8. Qe2
Bb7 9. Rd1 c6 10. e4 b5 11. Bd3 b4 12. e5 bxc3 13. exf6 Bxf6 14. Qe4 g6 15.
bxc3 Bg7 16. Rb1 Qc8 17. Qh4 Nd7 18. Ba3 c5 19. Ng5 h6 20. Ne4 Qc6 21. Qh3 Ba6
22. Nxc5 Bxd3 23. Qxd3 Nxc5 24. Bxc5 Rfd8 25. Rb3 e5 26. Qb5 Qe4 27. Kf1 exd4
28. cxd4 Rd5 29. Qc4 Rad8 30. Rb7 Qf4 31. Kg1 Bxd4 32. Bxd4 Rxd4 33. Rxd4 Rxd4
34. Qf1 Rd2 35. Rxa7 Qd4 36. Ra8+ Kg7 37. Re8 Rxa2 38. Re1 1/2-1/2

[Event "SC Rochade Rüttenscheid 1 - SV Welper 2"]
[Site "Verbandsklasse - Gruppe 3 201"]
[Date "2019.03.24"]
[Round "8.5"]
[White "Sharma, Rakesh"]
[Black "Storp, Thomas"]
[Result "0-1"]
[WhiteElo "1849"]
[BlackElo "1821"]
[PlyCount "38"]
[EventDate "2019.??.??"]

1. d4 d5 2. Bg5 Nf6 3. Bxf6 exf6 4. e3 Bd6 5. Bd3 O-O 6. Nc3 c6 7. Nf3 Be6 8.
Qd2 b5 9. e4 b4 10. Ne2 dxe4 11. Bxe4 Qc7 12. Ng3 Re8 13. O-O g6 14. Rfe1 Nd7
15. Rad1 Nb6 16. Nh5 gxh5 17. Qh6 f5 18. Ng5 fxe4 19. Nxh7 Nd5 0-1